| 000 | 00431nam a2200157Ia 4500 | ||
|---|---|---|---|
| 008 | 150121s9999 xx 000 0 und d | ||
| 020 | _a0115-5679 | ||
| 245 |
_aAGHAM / _h[electronic resource] |
||
| 260 |
_bDe La Salle University, _c1995. |
||
| 516 | _aElectronic text | ||
| 650 | _aScience. | ||
| 650 | _aTechnology | ||
| 830 | _aPhilippine E-Journals | ||
| 856 | _uhttp://ejournals.ph/index.php?journal=AGHAM | ||
| 942 | _cEJ | ||
| 999 |
_c276980 _d276980 |
||